| 000 | 00711nam a22002177a 4500 | ||
|---|---|---|---|
| 003 | OSt | ||
| 005 | 20160818181945.0 | ||
| 008 | 160818b xxu||||| |||| 00| 0 eng d | ||
| 020 | _a978-0-470-24199-8 (cloth) | ||
| 040 | _cLIC | ||
| 082 |
_22008 _aDC 384.33 _bJ71w |
||
| 245 |
_aWeb 2.0 heroes : _binterviews with 20 Web 2.0 influencers / _cBradley L. Jones [interviewer] |
||
| 260 |
_aIndianapolis, IN : _bWiley Pub., _cc2008. |
||
| 300 |
_axiv, 273 pages : _billustrations ; _c23cm |
||
| 500 | _aIncludes index | ||
| 650 | 0 |
_913058 _aWeb 2.0 |
|
| 650 | 0 |
_913059 _aTelecommunications engineers -- Interviews |
|
| 650 | 0 |
_913060 _aWeb sites |
|
| 700 |
_913061 _aJones, Bradley _einterviewer |
||
| 942 |
_2ddc _cDC |
||
| 999 |
_c3912 _d3912 |
||